| 000 | 00000nam##2200000za#4500 |
| 001 | 9.697834 |
| 003 | CaOODSP |
| 005 | 20210624235646 |
| 007 | cr ||||||||||| |
| 008 | 150407|2001||||xxc|||||o f|0| 0 eng|d |
| 040 | |aCaOODSP|beng |
| 043 | |an-cn--- |
| 086 | 1 |aRH64-44/2001E-PDF |
| 110 | 1 |aCanada.|bHuman Resources Development Canada. |bStrategic Policy. |
| 245 | 13|aAn evaluation of the EI pilot project on small weeks, 1998-2001 : |h[electronic resource]|bfinal report / |c[by] Evaluation and Data Development. |
| 260 | |aOttawa - Ontario : |bHuman Resources Development Canada. |cSeptember 2001. |
| 300 | |a43p.|bfigs., tables |
| 504 | |aBibliography. |
| 590 | |a13-12-Supp|b2013-05-10 |
| 690 | 07|aEmployment insurance|2gcpds |
| 775 | 08|tÉvaluation du projet pilote de l'AE relatif aux semaines réduites, 1998-2001 : |w(CaOODSP)9.641836 |
| 856 | 40|ahttp://publications.gc.ca|qPDF|s119 KB|uhttps://publications.gc.ca/collections/collection_2013/rhdcc-hrsdc/RH64-44-2001-eng.pdf |
| 986 | |aSP-AH166-05-01E |